| 000 | 00767cam a22002533a 4500 | ||
|---|---|---|---|
| 001 | 10099 | ||
| 003 | PGUSA | ||
| 005 | 20140828083219.0 | ||
| 008 | 031101s2003||||xxu|||||s|||||000 | eng d | ||
| 040 |
_aPGUSA _beng |
||
| 042 | _adc | ||
| 050 | 4 | _aD501 | |
| 100 | 1 |
_aWard, Humphry, _cMrs, _d1851-1920 |
|
| 245 | 1 | 0 |
_aTowards the Goal _h[electronic resource] / _cHumphry, Ward |
| 260 |
_bProject Gutenberg, _c2003 |
||
| 506 | _aPublic domain in the USA. | ||
| 516 | _aElectronic text | ||
| 653 | _aWorld War, 1914-1918 -- Personal narratives | ||
| 653 | _aWorld War, 1914-1918 -- Campaigns -- Western Front | ||
| 700 | 1 |
_aRoosevelt, Theodore, _d1858-1919 |
|
| 830 | 0 |
_aProject Gutenberg _v10099 |
|
| 856 | 4 | 0 | _uhttp://www.gutenberg.org/ebooks/10099 |
| 942 | _cEB | ||
| 999 |
_c239354 _d239354 |
||